000 00568nam a2200181 a 4500
001 BRCA_5792
005 20190320205221.0
008 100311s2010----mx-a######---#000-0#spa-#
041 _aspa
044 _amx
050 4 _aN910.M43
_b.C65 2010
245 1 0 _aColección de dibujos del Museo Nacional de San Carlos.
260 _aMéxico
_bMuseo Nacional de San Carlos
_c2010
300 _a298 p.
_bil. a color
_c29 cm.
546 _aTexto en: español e inglés
610 2 4 _aMuseo Nacional de San Carlos (Ciudad de México)
_xColecciones de arte
_95825
942 _2lcc
_cB
999 _c5481
_d5481